000 00398nam a2200157Ia 4500
008 210716s2020 xx 000 0 und d
020 _a9788126578511
041 _aeng
082 _a006.31 SRIA
100 _aSrinivasaraghavan, Anuradha; Joseph, Vincy.
245 _aMachine learning.
250 _a1
260 _aNew Delhi
_bWiley India Pvt Ltd
_c2020
300 _axix,308
650 _aNone
999 _c197233
_d197233